000 00679nam a22001817a 4500
003 UA-OsUOA
001 16459
007 ta
008 20040112b un ||||| |||| 00| 0 ukr d
100 _aМатвіїв А.
942 _cSA
040 _aUA-OsUOA
_cUA-OsUOA
_dUA-OsUOA
245 _aОлександр Ірванець : "І що сало-ласощі"
_b[Презентація зб. поета О.Ірванця пройшла у малій залі Рівнен. облмуздрамтеатру]
300 _aС.23
955 _a0
773 0 _w0
_tРівне вечірнє
_dРівне
_d2003
_g№78/24 жовт./
650 7 _aКраєзнавча робота
_2UDC
999 _c302624
_d302624